Through the legislation maze (Record no. 103232)

MARC details
000 -LEADER
fixed length control field 01011cam a2200241 4500
008 - FIXED-LENGTH DATA ELEMENTS--GENERAL INFORMATION
fixed length control field 031125n2003 000 0 eng u
020 ## - INTERNATIONAL STANDARD BOOK NUMBER
International Standard Book Number 1859461360
035 ## - SYSTEM CONTROL NUMBER
System control number (Sirsi) u124454
041 ## - LANGUAGE CODE
Language code of text/sound track or separate title eng
050 ## - LIBRARY OF CONGRESS CALL NUMBER
Classification number 344.410465
-- 18
100 ## - MAIN ENTRY--PERSONAL NAME
Personal name Lupton, Sarah
245 ## - TITLE STATEMENT
Title Through the legislation maze
Remainder of title health and safety
260 ## - PUBLICATION, DISTRIBUTION, ETC.
Place of publication, distribution, etc. London
Name of publisher, distributor, etc. RIBA Enterprises
Date of publication, distribution, etc. 2003
300 ## - PHYSICAL DESCRIPTION
Extent 64p.
Dimensions 30cm.
350 ## - PRICE (NR) (BK AM CF MU VM SE) [OBSOLETE]
Price 12
490 ## - SERIES STATEMENT
Series statement RIBA Through the Legislation Maze series
520 ## - SUMMARY, ETC.
Summary, etc. This guide looks at health and safety in relation to design and construction, focusing primarily on health and safety in the workplace. Provides an outline of the statutory framework and highlights recent changes in relevant legislation. List of legislation and references.
650 ## - SUBJECT ADDED ENTRY--TOPICAL TERM
Topical term or geographic name entry element HEALTH AND SAFETY AT WORK ETC ACT 1974
650 ## - SUBJECT ADDED ENTRY--TOPICAL TERM
Topical term or geographic name entry element CONSTRUCTION (DESIGN AND MANAGEMENT) REGULATIONS 1994
650 ## - SUBJECT ADDED ENTRY--TOPICAL TERM
Topical term or geographic name entry element MANAGEMENT OF HEALTH AND SAFETY AT WORK REGULATIONS 1999
690 ## - LOCAL SUBJECT ADDED ENTRY--TOPICAL TERM (OCLC, RLIN)
Topical term or geographic name as entry element HEALTH AND SAFETY
9 (RLIN) 6244
942 ## - ADDED ENTRY ELEMENTS (KOHA)
Suppress in OPAC 0
Holdings
Withdrawn status Lost status Source of classification or shelving scheme Damaged status Not for loan Home library Current library Shelving location Date acquired Cost, normal purchase price Total Checkouts Full call number Barcode Date last seen Date last checked out Copy number Cost, replacement price Price effective from Koha item type
    Other/Generic Classification Scheme     London London Folio 12/12/2003 12.00 5 F344.410465 LUP 30068894 06/08/2019 03/04/2006 1 12.00 06/08/2019 Book